000 02208nkm0a2200433 4500
001 RU\NLR\DIGIT\5672
005 20260407085957.0
035 _a(NLR Aleph) 010107698
090 _a13516767
_c13516767
100 _a20021215d1929 u y0rusy50 ca
101 0 _arus
102 _aRU
116 _aiiycxx bf ad
135 _acoco 024apabr
200 1 _aТурксиб
_eавтор и режиссер В. А. Турин
_eпроизводство "Восток-кино"
_e[плакат]
_fхудожник Семенов
210 _aМосква
_cиздание Акц. О-ва Восток-кино
_d[1929]
_e[Москва]
_gТипо-лит. им. Воровского
215 _a1 л.
_cхромолит., фототип.
_d108х71,7
300 _aВ вып. данных: Мосгублит № 58659
300 _aНа л. справа внизу "С Семенов 29 г."
325 _aКопия доступна в электронной библиотеке РНБ
606 1 _aКиноплакат русский советский
_92131134
_3RU\NLR\AUTH\661589765
686 _aЩ153(2Р=Рус)7-465
700 1 _4040
_7ca
_8rus
_aСемёнов-Менес
_bС. А.
_cхудожник, плакатист
_f1895–1982
_gСемён Абрамович
_9266788
_3RU\NLR\AUTH\770266844
712 0 2 _4650
_a"Востоккино", акционерное общество
_cМосква
_9883730
_3RU\NLR\AUTH\880611879
712 0 2 _4610
_aТипография им. Воровского
_cМосква
_3RU\NLR\AUTH\8810047348
_9594575
801 2 _aRU
_bNLR
_c20071207
_2rusmarc
852 0 0 _aNLR
_bЭ
_jАфИс900-II/Т881,5
_mинв.160464
856 0 _uhttps://vivaldi.nlr.ru/la000010022/view
856 1 _uhttps://vivaldi.nlr.ru/la000010022/cover
856 2 _uhttps://vivaldi.nlr.ru/la000010022/text
942 _cVISUAL
980 _aNB
981 3 9 _a(39) Русский авангард
981 3 6 _a(36) Цифровой репозиторий РНБ
981 1 7 _a(17) Изографические материалы
_b(17) Плакаты